Geografía industrial del mundo

Guardat en:
Dades bibliogràfiques
Autor principal: George, Pierre (Autor)
Format: Llibre
Idioma:espanyol
Publicat: Buenos Aires EUDEBA 1962
Matèries:
Etiquetes: Afegir etiqueta
Sense etiquetes, Sigues el primer a etiquetar aquest registre!

MARC

LEADER 00000nam a2200000 a 4500
001 UCV9108
003 CL-VaPUC
008 920512e19620000AG |||||||||||||||||spa|d
082 0 4 |a 338.09  |b GEO  |2 21 
100 |a George, Pierre  |e author  |9 341155 
245 1 0 |a Geografía industrial del mundo 
300 |a 123 p 
942 |c BK 
945 |d 19920512 00:00:00 
260 |a Buenos Aires  |b EUDEBA  |c 1962 
650 7 |a UBICACION DE INDUSTRIAS  |2 CL-VaPUC  |9 267625 
583 |a last modification  |c 19920512 00:00:00  |k Rodrigo Vera 
999 |c 214496  |d 214494 
952 |0 0  |1 0  |4 0  |6 338_090000000000000_GEO_1962  |7 0  |8 A  |9 197908  |a BIBING  |b BIBING  |d 2019-11-14  |i 1640585  |o 338.09 GEO 1962  |p 1640585  |r 2025-01-20  |w 2019-11-14  |y BK  |k GEO